جرعات الدواء / (رقم التسجيلة. 116864)

تفاصيل مارك
000 -الفاتح
عناصر البيانات ثابتة الطول 00705cam a2200205 i 4500
005 - تاريخ ووقت آخر معاملة
حقل ضبط 20251224103432.0
008 - عناصر البيانات ثابتة الطول
عناصر البيانات ثابتة الطول 250721r2008 ua gr 000 0 ara d
020 ## - الترقيم الدولي المعياري للكتب (ردمك)
الترقيم الدولي المعياري للكتب (ردمك) 9776142540
082 14 - رقم تصنيف ديوي العشري
رقم التصنيف 218.51
رقم المادة ش ا د
100 1# - مدخل رئيسي – اسم شخصي
الاسم الشخصي أبو شادي، خالد
علاقة الشخص بالعمل/ دوره مؤلف.
245 10 - بيان العنوان
العنوان جرعات الدواء /
بيان المسؤولية تاليف الدكتور خالد أبو شادي.
250 ## - بيان الطبعة
بيان الطبعة الطبعة الاولى.
264 ## - بيانات النشر، التوزيع…إلخ
اسم الناشر، الموزع...إلخ دار الاندلس الجديدة للنشر و التوزيع،
تاريخ النشر، التوزيع...إلخ 2008.
مكان النشر، التوزيع...إلخ شبرا مصر.
300 ## - الوصف المادي
عدد الوحدات المكونة للوعاء 286صفحة.
490 0# - بيان السلسلة
عنوان السلسلة رد الي روحي.
رقم الوعاء في السلسلة 2
650 17 - مدخل إضافي بالموضوع - مصطلح موضوعي
مصطلح موضوعي أو اسم جغرافي كعنصر مدخل الاسلام.
650 17 - مدخل إضافي بالموضوع - مصطلح موضوعي
مصطلح موضوعي أو اسم جغرافي كعنصر مدخل الوعظ و الارشاد.
942 ## - بيانات إضافية (كوها)
نوع التنصيف Dewey Decimal Classification
نوع المادة (كوها) كتب
المقتنيات
حالة السحب حالة الفقدان مصدر التصنيف حالة التلف غير قابل للإعارة المكتبة الرئيسية المكتبة الحالية موقع الرف تاريخ التزويد الرقم المتسلسل Total Checkouts رقم الإستدعاء الباركود تاريخ آخر ظهور تاريخ الفاتورة نوع المادة (كوها)
    Dewey Decimal Classification     المكتبة المركزية المكتبة المركزية الإعارة 28/07/2025 1301036   218.51 / ش ا د PLD00098885 28/07/2025 28/07/2025 كتب
    Dewey Decimal Classification     مكتبة أبو علندا العامة مكتبة أبو علندا العامة الإعارة 25/06/2009 1301037   218.51/شاد PLD00099013 28/07/2025 25/06/2009 كتب
    Dewey Decimal Classification     مكتبة الأميرة ايمان العامة مكتبة الأميرة ايمان العامة الإعارة 25/06/2009 1301038   218.51/شاد PLD00099014 28/07/2025 25/06/2009 كتب
    Dewey Decimal Classification     مكتبة وادي السير العامة مكتبة وادي السير العامة الإعارة 25/06/2009 1301042   218.51/شاد PLD00099018 28/07/2025 25/06/2009 كتب
    Dewey Decimal Classification     مكتبة ومركز فرح مكتبة ومركز فرح الإعارة 25/06/2009 1301045   218.51/شاد PLD00099021 28/07/2025 25/06/2009 كتب
Implemented & Customized by: BBB with SCIT (Smart Chains for Information Technology)

Powered by Koha